| 000 | 00499nam a2200157Ia 4500 | ||
|---|---|---|---|
| 005 | 20250613034627.0 | ||
| 008 | 240331s9999 xx 000 0 und d | ||
| 020 | _a9789555050500 | ||
| 082 |
_bSEN _a322 |
||
| 100 | _aSenevirathne,S | ||
| 245 | 0 |
_aNagenahira mudaganeema : _bMavilaru sita Thoppigala dakva |
|
| 260 |
_aNarahenpita _bHoganji Graphics Private Limited _c2008 |
||
| 300 | _a244 p ., | ||
| 500 | _aThe Fourth Eelam war: Liberation of the East ( from Mavil Aru to Thoppigala) | ||
| 942 | _cL | ||
| 999 |
_c5052 _d5052 |
||